Metody i algoritmy koordinacii v promyšlennych sistemach upravlenija /

Guardado en:
Detalles Bibliográficos
Autores principales: Alijev, Rafik Azizovič (Autor), Liberzon, Miron Izrailovič (Autor)
Formato: Libro
Publicado: Moskva : Radio i svjaz, 1987
Etiquetas: Agregar Etiqueta
Sin Etiquetas, Sea el primero en etiquetar este registro!

MARC

LEADER 00000nam a22000003a 4500
001 stu15720
005 20150617225756.7
008 ------s1987----xxr---------------------d
040 |a STU  |b slo 
041 0
044 |a xxr 
080 |a 519.7 
100 1 |a Alijev, Rafik Azizovič  |4 aut 
245 1 |a Metody i algoritmy koordinacii v promyšlennych sistemach upravlenija /  |c [aut.]Alijev,Rafik Azizovič, Liberzon,Miron Izrailovič 
260 |a Moskva :  |b Radio i svjaz,  |c 1987 
300 |a 208 s :  |b Tab.,lit 
700 1 |a Liberzon, Miron Izrailovič  |4 aut 
996 |b C80973  |c C*80973  |l CCXVI  |s P  |a 0  |w stu15720_0001 
996 |b C80974  |c C*80974  |l CCXVI  |s P  |a 0  |w stu15720_0002 
996 |b C81453  |c C*81453  |l CCXVI  |s P  |a 0  |w stu15720_0003 
996 |b C81463  |c C*81463  |l CCXVI  |s P  |a 0  |w stu15720_0004